[Event "Maastricht Limburg op-C 4th"]
[Site "Maastricht"]
[Date "2010.05.24"]
[Round "7"]
[White "Huebben, Dominik"]
[Black "Strolenberg, Lars"]
[Result "1/2-1/2"]
[WhiteElo "1746"]
[BlackElo "1659"]
[PlyCount "52"]
[EventDate "2010.05.21"]
[EventType "swiss"]
[EventRounds "7"]
[EventCountry "NED"]
[SourceTitle "EXT 2011"]
[Source "ChessBase"]
[SourceDate "2010.11.26"]
[SourceVersion "1"]
[SourceVersionDate "2010.11.26"]
[SourceQuality "1"]

1. e4 c5 2. c3 d5 3. exd5 Qxd5 4. d4 cxd4 5. cxd4 e5 6. Nf3 exd4 7. Qxd4 Nf6 8. Bc4 Bb4+ 9. Bd2 Bxd2+ 10. Nbxd2 Qxd4 11. Nxd4 0-0 12. 0-0 Rd8 13. N2b3 Nbd7 14. Rfe1 Nb6 15. Be2 Bd7 16. Bf3 Nbd5 17. Nc5 b6 18. Nxd7 Rxd7 19. Nf5 Rad8 20. Bxd5 Nxd5 21. Rad1 g6 22. Rxd5 Rxd5 23. Ne7+ Kf8 24. Nxd5 Rxd5 25. Kf1 Rd2 26. Re2 Rd1+ 1/2-1/2